Rise in price of skilled labour slowing down (Record no. 78600)

MARC details
000 -LEADER
fixed length control field 00962cab a22001935a 4500
001 - CONTROL NUMBER
control field L137426
008 - FIXED-LENGTH DATA ELEMENTS--GENERAL INFORMATION
fixed length control field 070405e20070329xxkd f 000 0 eng d
035 ## - SYSTEM CONTROL NUMBER
System control number (Sirsi) u137426
041 0# - LANGUAGE CODE
Language code of text/sound track or separate title eng
245 00 - TITLE STATEMENT
Title Rise in price of skilled labour slowing down
260 ## - PUBLICATION, DISTRIBUTION, ETC.
Date of publication, distribution, etc. 2007
490 ## - SERIES STATEMENT
Series statement Construction News
Volume/sequential designation (7011) 29 March 2007, 16(1)
520 ## - SUMMARY, ETC.
Summary, etc. According to the "Construction News" Contractor's Input Cost Index input costs rose by 5.8% in the year to March 2007 and by 1.7% in the past quarter. Although the average cost of materials has risen by 7.7% in the last 12 months the rise in the price of skilled labour is slowing down. States that London remains the most expensive place to build and suggests that the influx of labour from Eastern Europe continues to affect site rates.
590 ## - LOCAL NOTE (RLIN)
Local note KA
650 24 - SUBJECT ADDED ENTRY--TOPICAL TERM
Topical term or geographic name entry element CONSTRUCTION NEWS CONTRACTOR'S COST INDEX
651 #4 - SUBJECT ADDED ENTRY--GEOGRAPHIC NAME
Geographic name United Kingdom
Chronological subdivision
690 ## - LOCAL SUBJECT ADDED ENTRY--TOPICAL TERM (OCLC, RLIN)
Topical term or geographic name as entry element BUILT ENVIRONMENT-CONSTRUCTION MARKET
942 ## - ADDED ENTRY ELEMENTS (KOHA)
Suppress in OPAC 0
Holdings
Withdrawn status Lost status Source of classification or shelving scheme Damaged status Not for loan Home library Current library Shelving location Date acquired Total Checkouts Full call number Barcode Date last seen Copy number Price effective from Koha item type
    Dewey Decimal Classification     London London Journal article 05/04/2007   L137426 137426-1001 06/08/2019 1 06/08/2019 Journal article